000 00765nam a2200217Ia 4500
005 20241129105845.0
008 241129s9999||||xx |||||||||||||| ||und||
020 _a978-93-5548-423-9
037 _aTB
040 _aARTS
_bpun
_cARTS
041 _apun
_2pun
084 _aY73(P153):351 153R2
_qARTS
100 _aਮਨਮੋਹਨ, ਥਦ।
245 0 _aਪੰਜਾਬੀ ਲੋਕਧਾਰਾ: ਪ੍ਰਸੰਗਿਕਤਾ ਅਤੇ ਪਰਿਪੇਖ
_cਮਨਮੋਹਨ, ਥਦ।
260 _aਦਿੱਲੀ, ਭਾਰਤ
_bਦਿੱਲੀ ਸਾਹਿਤ ਅਦਾਕੇਮੀ
_c2019
300 _a191ਪ੍ਰ0
365 _aINR
_b315
650 _aSociology
942 _cTB
_hY73(P153):351 153R2
999 _c1226307
_d1226307